书目信息 |
| 题名: |
扬琴考级曲目大全
|
|
| 作者: | 乐海 编著 | |
| 分册: | 中、高级(7-10级) | |
| 出版信息: | 北京 同心出版社 2015 |
|
| 页数: | 335页 | |
| 开本: | 30cm | |
| 丛书名: | ||
| 单 册: | ||
| 中图分类: | J648.511 | |
| 科图分类: | ||
| 主题词: | 扬琴--Yang Qin--器乐曲--作品集--中国 | |
| 电子资源: | ||
| ISBN: | 978-7-5477-1379-2 | |
| 000 | 00625nam0 22002171 450 | |
| 001 | 349858 | |
| 005 | 20161010151543.65 | |
| 010 | @a978-7-5477-1379-2@dCNY68.00 | |
| 100 | @a20160105d2015 em y0chiy50 ea | |
| 101 | 0 | @achi |
| 102 | @aCN@b110000 | |
| 105 | @ag z 000yy | |
| 106 | @ar | |
| 200 | 1 | @a扬琴考级曲目大全@AYang Qin Kao Ji Qu Mu Da Quan@i中、高级(7-10级)@f乐海编著 |
| 210 | @a北京@c同心出版社@d2015 | |
| 215 | @a335页@d30cm | |
| 606 | 0 | @a扬琴@AYang Qin@x器乐曲@x作品集@y中国 |
| 690 | @aJ648.511@v5 | |
| 701 | 0 | @a乐海@ALe Hai@4编著 |
| 801 | 0 | @aCN@bTANGWEI@20160802 |
| 905 | @b0887115-9@dJ648.511@e196@f5 | |
| 扬琴考级曲目大全.中、高级(7-10级)/乐海编著.-北京:同心出版社,2015 |
| 335页;30cm |
| ISBN 978-7-5477-1379-2:CNY68.00 |
| ● |
| 相关链接 |
|
|
|
|
正题名:扬琴考级曲目大全
索取号:J648.511/196
 
预约/预借
| 序号 | 登录号 | 条形码 | 馆藏地/架位号 | 状态 | 备注 |
| 1 | 0887115 | 208871158 | 第一样本阅览室/ [索取号:J648.511/196] | 在馆 | |
| 2 | 0887116 | 208871167 | 第一借阅区/ [索取号:J648.511/196] | 在馆 | |
| 3 | 0887117 | 208871176 | 第一借阅区/ [索取号:J648.511/196] | 在馆 | |
| 4 | 0887118 | 208871185 | 第一借阅区/ [索取号:J648.511/196] | 在馆 | |
| 5 | 0887119 | 208871194 | 第一借阅区/ [索取号:J648.511/196] | 在馆 |